000 00850nam a2200277 i 4500
001 184268
003 ES-MaACL
005 20250603184303.0
008 150603s1998 sp |||| | spa d
020 _a84-89612-36-6
080 _a329(460)
080 _a32(460)"1996/..."
100 1 _aBorrell Fontelles, José.
_930585
245 1 0 _aAl filo de los días /
_cJosé Borrell Fontelles.
250 _a2ª ed.
260 _aMadrid :
_bCauce,
_c1998.
300 _aXIII, 238 p. ;
_c21 cm.
490 1 _aCauces de opinión
500 _aÍndice.
610 2 7 _aPartido Socialista Obrero Español.
_96155
651 4 _aEspaña-
_xPolítica y gobierno-
_y1996-2004
_98450
830 0 _aCauces de opinión
_9225053
852 _aES-MaACL
_jA-13506
_9191253
_bR.150235
_cDEPO1
_dOlim: N-6506
942 _2udc
999 _c184268
_d184268